Hazbin Hotel - Loser, Baby Lyrics - Statistics

General Stats
  • This quiz has been taken 1,682 times
    1,638 since last reset
  • The average score is 217 of 302
Answer Stats
Hint Answer % Correct
a
97%
A
97%
you
97%
your
95%
Your
95%
Husk: So
93%
An
92%
an
92%
and
90%
And
90%
I
90%
lose
89%
the
89%
baby
88%
Husk: Baby,
88%
bad
86%
loser,
86%
loser
86%
things
86%
who
86%
look
85%
You're
84%
you're
84%
me
83%
wall
83%
against
81%
fuckin'
81%
just
81%
Angel: Just
81%
like
81%
back's
80%
Husk: Go
80%
to
80%
To
80%
can
79%
feel
78%
hope
78%
we
78%
as
77%
up
77%
up,
77%
hopeless
76%
think
76%
what?
76%
whole
76%
on
75%
seems
75%
that
75%
I'm
74%
is
74%
be
73%
But
73%
but
73%
no
73%
Angel: Wait,
73%
bitch
72%
correct
72%
existence
72%
let
72%
my
72%
fucked
71%
power
71%
bathroom
70%
got
70%
it
70%
life
70%
little
70%
make
70%
say
70%
soul
70%
way
70%
at
69%
one
69%
sold
69%
whiny
69%
feelin'
68%
lost
68%
shit
68%
You've
68%
you've
68%
better?
66%
sex
66%
stall
66%
asshole!
65%
every
65%
filthy
65%
for
65%
gamblin'
65%
Angel: Hey!
65%
in
65%
in,
65%
time
65%
toy
65%
bar
64%
Can't
64%
drug
64%
Get
64%
goddamn,
64%
Angel: Thanks
64%
was
64%
Well,
64%
where
64%
bottom
63%
dopeless
63%
find
63%
sober
63%
star
63%
world
63%
are
62%
could
62%
dive
62%
freak
62%
not
62%
Husk: There
62%
Angel: This
62%
We're
62%
alone!
61%
appetite
61%
by
61%
company
61%
face
61%
it's
61%
Husk It's
61%
rock
61%
samplin'
61%
together
61%
unique?
61%
wrecked
61%
Angel and Husk: Eat
60%
fine
60%
holes
60%
honey
60%
if
60%
know
60%
makes
60%
only
60%
relate
60%
supposed
60%
that's
60%
hoe?
59%
hour
59%
least
59%
maybe
59%
sing
59%
song
59%
thought
59%
both
58%
left
58%
demon's
57%
dummy
57%
end
57%
losers,
57%
Now
57%
save
57%
will
57%
with
57%
damaged
56%
deflower
56%
worse
56%
come
55%
differently
55%
leash
55%
okay
55%
all
54%
gets
54%
loose
54%
here,
53%
man!
53%
psychopathic
53%
same
53%
trapped
53%
ways
53%
which
53%
ahead
52%
straight!
52%
dick-suckin'
51%
down
51%
sometimes
51%
livin'
50%
set
50%
reviews-er
49%
walls
49%
boozer
48%
Husk: Haha!
48%
schmoozer
48%
card,
47%
Angel: Coked
47%
gruesome
47%
lettin'
46%
Play
46%
power-bottom
46%
screws
45%
yourself
45%
outta
44%
Excuse
41%
self-loathin'
40%
shit-sandwich
40%
ya
28%
No matching quizzes found
Score Distribution
Percent of People with Each Score
Percentile by Number Answered
Your Score History
You have not taken this quiz since the last reset